Despised, slippery and untrustworthy?: an analysis of reputation in estate agency (Record no. 74104)
[ view plain ]
| 000 -LEADER | |
|---|---|
| fixed length control field | 01441cab a2200265 4500 |
| 001 - CONTROL NUMBER | |
| control field | ABS67447 |
| 008 - FIXED-LENGTH DATA ELEMENTS--GENERAL INFORMATION | |
| fixed length control field | 040203n2004 000 0 eng u |
| 035 ## - SYSTEM CONTROL NUMBER | |
| System control number | (Sirsi) u124995 |
| 100 ## - MAIN ENTRY--PERSONAL NAME | |
| Personal name | Bishop, P. |
| 245 ## - TITLE STATEMENT | |
| Title | Despised, slippery and untrustworthy?: an analysis of reputation in estate agency |
| 260 ## - PUBLICATION, DISTRIBUTION, ETC. | |
| Date of publication, distribution, etc. | 2004 |
| 490 ## - SERIES STATEMENT | |
| Series statement | Housing Studies |
| Volume/sequential designation | 19(1) January 2004, 21-36(16) |
| 520 ## - SUMMARY, ETC. | |
| Summary, etc. | Presents an analysis of the reputation of estate agents within the context of principal-agent theory. Argues that the poor reputation of many agents arises from a combination of product and market characteristics. Discusses solutions to this problem including certification, contingent contracts and reputation-building and from evidence derived from survey of estate agents suggests that a link between reputation and the form of contract signed may help to reduce market problems. Concludes by reviewing policy options for the regulation of the industry. Tables show descriptive statistics of variables and determinants of contract choice. References. [Taken from journal abstract]. |
| 590 ## - LOCAL NOTE (RLIN) | |
| Local note | ABS |
| 650 ## - SUBJECT ADDED ENTRY--TOPICAL TERM | |
| Topical term or geographic name entry element | CONTINGENT CONTRACTS |
| 650 ## - SUBJECT ADDED ENTRY--TOPICAL TERM | |
| Topical term or geographic name entry element | ESTATE AGENCY |
| 650 ## - SUBJECT ADDED ENTRY--TOPICAL TERM | |
| Topical term or geographic name entry element | estate AGENCY THEORY |
| 650 ## - SUBJECT ADDED ENTRY--TOPICAL TERM | |
| Topical term or geographic name entry element | PRINCIPAL-AGENT THEORY |
| 650 ## - SUBJECT ADDED ENTRY--TOPICAL TERM | |
| Topical term or geographic name entry element | ESTATE AGENTS |
| 650 ## - SUBJECT ADDED ENTRY--TOPICAL TERM | |
| Topical term or geographic name entry element | REPUTATION |
| 650 ## - SUBJECT ADDED ENTRY--TOPICAL TERM | |
| Topical term or geographic name entry element | FORM OF CONTRACT |
| 650 ## - SUBJECT ADDED ENTRY--TOPICAL TERM | |
| Topical term or geographic name entry element | CERTIFICATION |
| 690 ## - LOCAL SUBJECT ADDED ENTRY--TOPICAL TERM (OCLC, RLIN) | |
| Topical term or geographic name as entry element | MANAGEMENT-BUSINESS MANAGEMENT-PROFESSIONAL PRACTICE |
| 942 ## - ADDED ENTRY ELEMENTS (KOHA) | |
| Suppress in OPAC | 0 |
| Withdrawn status | Lost status | Source of classification or shelving scheme | Damaged status | Not for loan | Home library | Current library | Shelving location | Date acquired | Total Checkouts | Full call number | Barcode | Date last seen | Copy number | Price effective from | Koha item type |
|---|---|---|---|---|---|---|---|---|---|---|---|---|---|---|---|
| Dewey Decimal Classification | London | London | Journal article | 03/02/2004 | ABS67447 | 124995-1001 | 06/08/2019 | 1 | 06/08/2019 | Journal article |